MARC details
| 000 -LÍDER |
| campo de controle de tamanho fixo |
02203nam a22003134a 4500 |
| 001 - NÚMERO DE CONTROLE |
| campo de controle |
494 |
| 003 - IDENTIFICADOR DO NÚMERO DE CONTROLE |
| campo de controle |
BR-RjBN |
| 005 - DATA E HORÁRIO DA ÚLTIMA TRANSAÇÃO |
| campo de controle |
20260129100230.0 |
| 008 - CAMPO DE DADOS FIXOS--INFORMAÇÃO GERAL |
| campo de controle de tamanho fixo |
121113s2011 spb g 000 f por |
| 020 ## - ISBN - INTERNATIONAL STANDARD BOOK NUMBER |
| ISBN - International Standard Book Number |
9788580410266 |
| 040 ## - FONTE DA CATALOGAÇÃO |
| Idioma da catalogação |
por |
| 041 1# - CÓDIGO DE IDIOMA |
| Código do idioma do texto/trilha sonora ou título diferente |
por |
| Código do idioma do original e/ou traduções intermediárias do texto |
eng |
| 082 04 - CDD - CLASSIFICAÇÃO DECIMAL DE DEWEY |
| Número de Classificação |
813 |
| Número do exemplar |
H835m |
| 100 ## - ENTRADA PRINCIPAL--NOME PESSOAL |
| Nome pessoal |
Houck, Colleen, |
| Datas associadas ao nome |
1969- |
| 9 (RLIN) |
1066 |
| 240 00 - TÍTULO UNIFORME |
| Título uniforme |
Tiger's curse. |
| 245 12 - TÍTULO |
| Título |
A maldição do tigre / |
| Indicação de responsabilidade, etc. |
Colleen Houck ; [tradução: Raquel Zampil] |
| 260 ## - PUBLICAÇÃO, DISTRIBUIÇÃO, ETC. |
| Local de publicação, distribuição, etc. |
São Paulo : |
| Nome do editor, distribuidor, etc. |
Arqueiro, |
| Data da publicação, distribuição, etc. |
2011. |
| 300 ## - DESCRIÇÃO FÍSICA |
| Extensão |
344p. ; |
| 500 ## - NOTA GERAL |
| Nota geral |
<br/><br/> |
| 520 ## - NOTA DE RESUMO, ETC. |
| Resumo, etc. |
Kelsey Hayes perdeu os pais recentemente e precisa arranjar um emprego para custear a faculdade. Contratada por um circo, ela é arrebatada pela principal atração: um lindo tigre branco. Kelsey sente uma forte conexão com o misterioso animal de olhos azuis e, tocada por sua solidão, passa a maior parte do seu tempo livre ao lado dele. O que a jovem órfã ainda não sabe é que seu tigre Ren é na verdade Alagan Dhiren Rajaram, um príncipe indiano que foi amaldiçoado por um mago há mais de 300 anos, e que ela pode ser a única pessoa capaz de ajudá-lo a quebrar esse feitiço. Determinada a devolver a Ren sua humanidade, Kelsey embarca em uma perigosa jornada pela Índia, onde enfrenta forças sombrias, criaturas imortais e mundos místicos, tentando decifrar uma antiga profecia. Ao mesmo tempo, se apaixona perdidamente tanto pelo tigre quanto pelo homem. A maldição do tigre é o primeiro volume de uma saga fantástica e épica, que apresenta mitos hindus, lugares exóticos e personagens sedutores. Lançado originalmente como e-book, o livro de estreia de Colleen Houck ficou sete semanas no primeiro lugar da lista de mais vendidos da Amazon, entrando depois na do The New York Times. "Um romance delicado e uma aventura capaz de deixar o coração a mil por hora. Eu vibrei e roí as unhas. A maldição do tigre é mágico!" (Becca Fitzpatrick, autora da série Sussurro)<br/><br/><br/> |
| 650 00 - ASSUNTO--TERMO TÓPICO |
| Cabeçalho tópico ou nome geográfico |
Literatura Americana |
| 9 (RLIN) |
84 |
| 650 00 - ASSUNTO--TERMO TÓPICO |
| Cabeçalho tópico ou nome geográfico |
Aventura |
| 9 (RLIN) |
47 |
| 650 00 - ASSUNTO--TERMO TÓPICO |
| Cabeçalho tópico ou nome geográfico |
Fantasia |
| 9 (RLIN) |
45 |
| 650 00 - ASSUNTO--TERMO TÓPICO |
| Cabeçalho tópico ou nome geográfico |
Magia |
| 9 (RLIN) |
785 |
| 655 ## - TERMO DE ÍNDICE--GÊNERO E FORMA |
| Gênero/forma/ou termo foco |
Romance |
| 655 ## - TERMO DE ÍNDICE--GÊNERO E FORMA |
| Gênero/forma/ou termo foco |
Ficção |
| 700 ## - ENTRADA ADICIONADA - NOME PESSOAL |
| Nome pessoal |
Zampil, Raquel |
| Função do autor por extenso |
TRADUTORA |
| 9 (RLIN) |
898 |
| 942 ## - ELEMENTOS DE ENTRADA ADICIONADOS (KOHA) |
| Fonte de classificação ou esquema de arquivamento |
Classificação decimal de Dewey |
| Ocultar no OPAC |
Não |
| Tipo de material Koha |
Livros |